| 000 | 00500nam a22001697a 4500 | ||
|---|---|---|---|
| 010 | _aENG-120679 | ||
| 020 |
_c650.00 _a9789382634140 |
||
| 035 | _aEN-104211 | ||
| 037 | _bDBAD/PUB | ||
| 082 | _a915.441 | ||
| 100 | _aSaraf, Ritu | ||
| 245 |
_aTemples and tourist places of maharashtra / _cby RItu Saraf |
||
| 260 |
_aAllahabad _bMeenakshi Prakashan _c2016 |
||
| 270 |
_a5, Khusrobagh Road, _bAllahabad _e211001 |
||
| 300 |
_a208p. _b22cm(Hb). |
||
| 942 |
_2ddc _cEN _h915.441 _mSAR |
||
| 999 |
_c144664 _d144664 |
||